000 00415nam a2200157Ia 4500
008 120920t2008 xxu||||| |||| 00| 0 eng d
041 _aeng
080 _a8-31 (eng)
_bRAT
245 _aවැළලී ගිය දේභය
246 _aWalali Giya Deshaya
260 _aSenarath Publishers
_aColombo
_c2008
300 _b207p, 21 cm
942 _cBK
999 _c41654
_d41654
003 LK-CoDNM
040 _aLK-CoDNM
_dLK-CoDNM
_eLK-CoDNM